<?xml version="1.0" encoding="UTF-8"?>
<record
    xmlns:xsi="http://www.w3.org/2001/XMLSchema-instance"
    xsi:schemaLocation="http://www.loc.gov/MARC21/slim http://www.loc.gov/standards/marcxml/schema/MARC21slim.xsd"
    xmlns="http://www.loc.gov/MARC21/slim">

  <leader>00364    a2200109   4500</leader>
  <controlfield tag="001">ART_3630</controlfield>
  <controlfield tag="005">20260410161716.0</controlfield>
  <controlfield tag="008">260409a                                 </controlfield>
  <datafield tag="245" ind1="1" ind2="0">
    <subfield code="a">Una medida alternativa de la pobreza en el Gran Buenos Aires: 1989-1994</subfield>
  </datafield>
  <datafield tag="100" ind1="1" ind2=" ">
    <subfield code="a">Petrecolla, Diego</subfield>
  </datafield>
  <datafield tag="773" ind1="0" ind2=" ">
    <subfield code="t">Desarrollo econ&#xF3;mico</subfield>
    <subfield code="g">- Vol. 36, N&#xBA; 141 (abr./jun. 1996)</subfield>
    <subfield code="w">REV1174</subfield>
  </datafield>
  <datafield tag="999" ind1=" " ind2=" ">
    <subfield code="c">16566</subfield>
    <subfield code="d">16566</subfield>
  </datafield>
</record>
